| 000 | 00359cam a2200145ua 4500 | ||
|---|---|---|---|
| 003 | OSt | ||
| 008 | 241224b |||||||| |||| 00| 0 eng d | ||
| 041 | _aeng | ||
| 082 |
_a621.319 _bDOV/PO |
||
| 100 |
_aDover, A T . _96531 |
||
| 245 | _aPower wiring diagrams / | ||
| 260 |
_aLondon : _bSir Isaac Pitman & Sons Ltd , _c1962. |
||
| 300 | _a191 ; . | ||
| 942 | _cBK | ||
| 999 |
_c7099 _d7099 |
||